Buteurs du PSG depuis 2020 - Statistiques

Statistiques générales
  • Ce quiz a été pris 6 881 fois
    1 041 depuis la dernière actualisation
  • Le résultat moyen est 35 sur 56
Statistiques - réponses
BUT(S) NATIONALITÉ POSTE JOUEUR % Correct
191 France ATT Kylian Mbappé
100%
61 Brésil ATT Neymar Jr
99%
32 Argentine ATT Lionel Messi
97%
61 France ATT Ousmane Dembélé
96%
28 Maroc DEF Achraf Hakimi
95%
45 Portugal ATT Gonçalo Ramos
93%
26 Portugal MIL Vitinha
93%
25 Géorgie ATT Khvicha Kvaratskhelia
92%
6 Espagne DEF Sergio Ramos
92%
25 Argentine ATT Ángel Di María
91%
24 Brésil DEF Marquinhos
91%
29 France ATT Désiré Doué
90%
14 Portugal MIL João Neves
90%
14 Portugal DEF Nuno Mendes
90%
38 France ATT Bradley Barcola
88%
16 Espagne MIL Fabián Ruiz
88%
16 Corée du Sud MIL Kang-in Lee
87%
7 Uruguay ATT Edinson Cavani
86%
2 Italie MIL Marco Verratti
81%
2 Equateur DEF Willian Pacho
79%
11 France MIL Warren Zaïre-Emery
77%
1 Ukraine DEF Illya Zabarnyi
75%
39 Argentine ATT Mauro Icardi
72%
13 France MIL Senny Mayulu
71%
3 Sénégal ATT Ibrahim Mbaye
67%
7 Sénégal MIL Idrissa Gueye
65%
6 Allemagne MIL Julian Draxler
64%
17 Italie ATT Moise Kean
64%
1 Slovaquie DEF Milan Škriniar
62%
3 Argentine MIL Leandro Paredes
60%
5 Brésil DEF Lucas Beraldo
60%
2 France DEF Presnel Kimpembe
59%
6 Cameroun ATT Eric-Maxim Choupo-Moting
58%
2 France DEF Lucas Hernandez
58%
1 Brésil DEF Thiago Silva
58%
10 Portugal DEF Danilo Pereira
57%
22 Espagne ATT Pablo Sarabia
52%
8 Espagne MIL Carlos Soler
49%
3 Pays-Bas MIL Georginio Wijnaldum
48%
11 France ATT Randal Kolo Muani
47%
4 Espagne DEF Juan Bernat
44%
3 Allemagne DEF Thilo Kehrer
44%
7 Espagne ATT Marco Asensio
42%
2 Italie DEF Alessandro Florenzi
40%
4 France ATT Hugo Ekitiké
40%
6 Espagne MIL Ander Herrera
39%
1 France ATT Quentin Ndjantou
37%
1 Espagne MIL Dro Fernández
36%
2 France DEF Layvin Kurzawa
32%
1 France DEF Colin Dagba
26%
1 Italie MIL Cher Ndour
24%
2 Portugal MIL Renato Sanches
24%
1 France DEF Yoram Zague
16%
3 France DEF Tanguy Nianzou
11%
1 France DEF Timothée Pembélé
11%
1 France MIL Adil Aouchiche
4%
Aucun quiz correspondant
Distribution des résultats
% des personnes avec chaque résultat
Percentile par nombre de réponses
Votre historique - résultats
Vous n’avez pas pris ce quiz depuis la dernière actualisation